2024-2025 Lakers - Statistiken

Allgemein
  • Dieses Quiz wurde 17 mal gespielt
    12 seit der letzten Aktualisierung
  • Das Durchschnittsergebnis liegt bei 13 aus 25
Antwortstatistiken
Antwort % Korrekt
Austin Reaves
100%
Bronny James
100%
LeBron James
100%
Luka Doncic
100%
Dalton Knecht
88%
Maxi Kleber
88%
Rui Hachimura
88%
Gabe Vincent
75%
Jaxson Hayes
75%
Anthony Davis
63%
Jarred Vanderbilt
63%
Alex Len
50%
Dorian Finney-Smith
50%
Jordan Goodwin
50%
Christian Koloko
38%
Cam Reddish
25%
D'Angelo Russell
25%
Jalen Hood-Schifino
25%
Markieff Morris
25%
Max Christie
25%
Shake Milton
25%
Armel Traore
13%
Maxwell Lewis
13%
Trey Jemison 3
13%
Christian Wood
0%
Keine übereinstimmenden Quizze gefunden
Verteilung der Resultate
Anzahl Personen mit jedem Resultat
Perzentil nach korrekt beantworteten Fragen
Ihre Resultats-Entwicklung
Sie haben dieses Quiz seit der letzten Aktualisierung nicht gespielt